书目信息 |
| 书名: | How to manage conflict | |
| 作者: | by Peg Pickering. | |
| 分册号: | ||
| 分册名: | 出版地: | Franklin Lakes, NJ : |
|
| 出版社: | Career Press | |
| 出版时间: | 2000. | |
| 页数: | vi, 120 p. : | |
| 开本: | 21 cm. | |
| 丛书名: | ||
| 中图分类号: | ||
| 科图分类号: | ||
| 其他分类号: | C913.9 | |
| 主题词: | ||
| 电子资源: | ||
| 000 | 01050cam a22002774a 450 | |
| 001 | E0732802344 | |
| 005 | 20070429090821.03 | |
| 008 | 991007s2000 njua b 001 0 eng | |
| 010 | @a99051920 | |
| 020 | @a1564144402 (paper). | |
| 040 | @aDLC@cDLC@dDLC | |
| 042 | @apcc | |
| 050 | 00 | @aHM1126@b.P53 2000 |
| 082 | 00 | @a303.6/9@2 21 |
| 090 | @aC913.9 | |
| 099 | @dC913.9@ex82=3 | |
| 100 | 1 | @aPickering, Peg. |
| 245 | 10 | @aHow to manage conflict :@bturn all conflicts into win-win outcomes / @cby Peg Pickering. |
| 250 | @a3rd ed. | |
| 260 | @aFranklin Lakes, NJ :@bCareer Press,@c2000. | |
| 300 | @avi, 120 p. :@bill. ;@c21 cm. | |
| 504 | @aIncludes bibliographical references (p. 113) and index. | |
| 650 | 0 | @aConflict management. |
| 906 | @a7@bcbc@corignew@d1@eocip@f19@gy-gencatlg | |
| 925 | 0 | @aacquire@b2 shelf copies@xpolicy default |
| 955 | @ato SSCD pb07 10-07-99; sf02 10-09-99; sf11 10-12-99; sf04; to Dewey 10-14-99; aa05 10-15-99; CIP ver. sd21 03-01-00; sj05 03-09-00; to BCCD 03-09-00; copy 2 added, to BCCD sb15 3-31-00 | |
| How to manage conflict : : turn all conflicts into win-win outcomes / / by Peg Pickering.-3rd ed.-Franklin Lakes, NJ : : Career Press, , 2000. |
| vi, 120 p. : : ill. ; ; 21 cm. |
| Includes bibliographical references (p. 113) and index. |
| ISBN 1564144402 (paper). |
| ● |
| 相关链接 |
|
|
|
|
正题名:How to manage conflict
索取号:C913.9/x82=3
 
预约/预借
| 序号 | 登录号 | 条形码 | 馆藏地/架位号 | 状态 | 备注 |
| 1 | 6319 | 300063197 | 第二样本阅览室/ [索取号:C913.9/x82=3] | 在馆 | |
| 2 | 6320 | 300063204 | 第四借阅区/ [索取号:C913.9/x82=3] | 在馆 | |
| 3 | 6321 | 300063213 | 第四借阅区/ [索取号:C913.9/x82=3] | 在馆 |